Guía técnica para justificar una reparación mayor (overhaul) en las turbinas hidraulicas Pelton, Francis y Kaplan
שמור ב:
| מחבר ראשי: | |
|---|---|
| מחברים אחרים: | |
| פורמט: | ספר |
| יצא לאור: |
[San José , Costa Rica]
1994
|
| נושאים: | |
| תגים: |
הוספת תג
אין תגיות, היה/י הראשונ/ה לתייג את הרשומה!
|
MARC
| LEADER | 00000nam a2200000Ia 4500 | ||
|---|---|---|---|
| 003 | 007616 | ||
| 005 | 20221231144256.0 | ||
| 008 | 140114s1994 cr a m 000 ||s d | ||
| 040 | |c cru CEDI | ||
| 090 | |a TFG 3241 | ||
| 100 | |a Cruz Urpí, Alfredo |9 10884 | ||
| 245 | |a Guía técnica para justificar una reparación mayor (overhaul) en las turbinas hidraulicas Pelton, Francis y Kaplan | ||
| 260 | |c 1994 |a [San José , Costa Rica] | ||
| 300 | |a xi, [297] hojas : ilustraciones. | ||
| 500 | |a Proyecto de graduación (licenciatura en ingeniería mecánica)--Universidad de Costa Rica. Facultad de Ingeniería. Escuela de Ingeniería Mecánica | ||
| 650 | |x TURBINAS HIDRAULICAS - MANTENIMIENTO Y REPARACION |9 1481 | ||
| 700 | |9 10885 |a Suner Calderón, Mariano | ||
| 942 | |c TFG | ||
| 999 | |c 19451 |d 19451 | ||
